[Event "UKR-ch U20 sf"]
[Site "Kharkov"]
[Date "2004.12.14"]
[Round "4"]
[White "Mikhalichenko, Vladimir"]
[Black "Soldatov, Roman"]
[Result "1/2-1/2"]
[WhiteElo "2234"]
[BlackElo "2302"]
[PlyCount "55"]
[EventDate "2004.12.11"]
[EventType "swiss"]
[EventRounds "9"]
[EventCountry "UKR"]
[SourceTitle "EXT 2006"]
[Source "ChessBase"]
[SourceDate "2005.11.24"]
[SourceVersion "1"]
[SourceVersionDate "2005.11.24"]
[SourceQuality "1"]

1. e4 c5 2. Nf3 Nc6 3. d4 cxd4 4. Nxd4 Nf6 5. Nc3 d6 6. f3 e6 7. Be3 a6 8. Qd2 Bd7 9. g4 Rc8 10. 0-0-0 Nxd4 11. Bxd4 Qa5 12. Kb1 e5 13. Be3 Be6 14. g5 Nd7 15. Nd5 Qxd2 16. Rxd2 h6 17. gxh6 g6 18. h4 Bxh6 19. Bxh6 Rxh6 20. Ne3 Ke7 21. b3 Nb6 22. a4 Rch8 23. a5 Nc8 24. Rdh2 f5 25. Bc4 Bxc4 26. Nxc4 Ke6 27. Kc1 Ne7 28. Rd2 1/2-1/2

[Event "UKR-ch U20 sf"]
[Site "Kharkov"]
[Date "2004.12.13"]
[Round "3"]
[White "Ipatov, Alexander"]
[Black "Mikhalichenko, Vladimir"]
[Result "0-1"]
[WhiteElo "2115"]
[BlackElo "2234"]
[PlyCount "144"]
[EventDate "2004.12.11"]
[EventType "swiss"]
[EventRounds "9"]
[EventCountry "UKR"]
[SourceTitle "EXT 2006"]
[Source "ChessBase"]
[SourceDate "2005.11.24"]
[SourceVersion "1"]
[SourceVersionDate "2005.11.24"]
[SourceQuality "1"]

1. d4 Nf6 2. c4 e6 3. Nc3 Bb4 4. e3 b6 5. Bd3 Bb7 6. f3 c5 7. Nge2 cxd4 8. exd4 0-0 9. 0-0 d5 10. Bg5 Be7 11. cxd5 Nxd5 12. Bxe7 Qxe7 13. Nxd5 Bxd5 14. Be4 Rd8 15. Qd3 h6 16. Rac1 Qd6 17. Rfd1 Nc6 18. a3 Rd7 19. Nc3 Ne7 20. Nb5 Qf4 21. g3 Qg5 22. Rc7 Rxc7 23. Nxc7 Rc8 24. Bxd5 Nxd5 25. Nxd5 Qxd5 26. Kf2 a5 27. Rd2 b5 28. Qe4 Qc4 29. Qe2 Qc1 30. Qe1 Qc4 31. Qe2 Qb3 32. Qe3 Qa2 33. Qd3 b4 34. Qa6 Rc1 35. axb4 a4 36. Qd3 g6 37. b5 Qd5 38. b6 Rc4 39. Qe4 Rb4 40. Qxd5 exd5 41. Ke2 Kf8 42. Kd1 Rxb6 43. Kc2 Rb4 44. Rd3 Ke7 45. Kb1 Kd6 46. Ka2 h5 47. h4 Ke6 48. Re3+ Kf6 49. Rd3 Kf5 50. Kb1 Rc4 51. Rd2 f6 52. Rd1 g5 53. hxg5 fxg5 54. Rh1 Kg6 55. Rd1 Rb4 56. Kc2 Rb3 57. Re1 Rxf3 58. Re6+ Kg7 59. Re5 Rxg3 60. Rxd5 h4 61. Rd7+ Kg6 62. Rd6+ Kf7 63. Ra6 h3 64. Rxa4 h2 65. Ra7+ Kg6 66. Ra6+ Kh5 67. Ra1 Rg1 68. Ra8 h1Q 69. Rh8+ Kg6 70. Rxh1 Rxh1 71. b4 g4 72. b5 g3 0-1

[Event "UKR-ch U20 sf"]
[Site "Kharkov"]
[Date "2004.12.12"]
[Round "2"]
[White "Mikhalichenko, Vladimir"]
[Black "Papenin, Nikolai"]
[Result "1/2-1/2"]
[WhiteElo "2234"]
[BlackElo "2391"]
[PlyCount "51"]
[EventDate "2004.12.11"]
[EventType "swiss"]
[EventRounds "9"]
[EventCountry "UKR"]
[SourceTitle "EXT 2006"]
[Source "ChessBase"]
[SourceDate "2005.11.24"]
[SourceVersion "1"]
[SourceVersionDate "2005.11.24"]
[SourceQuality "1"]

1. e4 e5 2. Nf3 Nc6 3. Bb5 a6 4. Ba4 Nf6 5. 0-0 b5 6. Bb3 Bc5 7. c3 d6 8. d4 Bb6 9. a4 Rb8 10. axb5 axb5 11. Re1 0-0 12. Bg5 h6 13. Bh4 exd4 14. Bd5 Bd7 15. Bxc6 Bxc6 16. Nxd4 Bd7 17. Qf3 Re8 18. Nd2 b4 19. Nf5 Bxf5 20. Qxf5 g5 21. Bg3 bxc3 22. bxc3 Nh5 23. e5 Nxg3 24. hxg3 Qc8 25. Qxc8 Rbxc8 26. exd6 1/2-1/2